Normal view
MARC view
- ادارة الاعمال-الاخلاق
Entry Topical Term
001 - CONTROL NUMBER
- control field: 34374
003 - CONTROL NUMBER IDENTIFIER
- control field: JO-AjAnu
005 - DATE AND TIME OF LATEST TRANSACTION
- control field: 20230606075747.0
008 - FIXED-LENGTH DATA ELEMENTS
- fixed length control field: 230606|| aca||aabn | a|a d
040 ## - CATALOGING SOURCE
- Original cataloging agency: JO-AjAnu
- Transcribing agency: JO-AjAnu
150 ## - HEADING--TOPICAL TERM
- Topical term or geographic name entry element: ادارة الاعمال-الاخلاق
670 ## - SOURCE DATA FOUND
- Source citation: Work cat.: (JO-AjAnu)17656: برايبرول،دافيد؛نرجمة:صلاح الدين الشريف, author 34373, القيم الاخلاقية في عالم المال والاعمال=Ethics in the world of business